Latin American and the Caribbean: between the OAS /
El ensayo aborda la posición de América Latina y el Caribe en su conjunto, como actores globales dentro de la organización internacional CELAC (Comunidad de Estados Latinoamericanos y Caribeños) como mecanismo de concertación política; así como su postura frente a la OEA (Organización de Estados Ame...
Guardado en:
| Hovedforfatter: | |
|---|---|
| Format: | Texto |
| Sprog: | English |
| Fag: | |
| Tags: |
Tilføj Tag
Ingen Tags, Vær først til at tagge denne postø!
|
MARC
| LEADER | 00000 a a2200000 04500 | ||
|---|---|---|---|
| 001 | 46557 | ||
| 003 | cru CIDCACS/IIS | ||
| 005 | 20180816154723.0 | ||
| 007 | ta | ||
| 008 | 180816b2013 -us||||| |||| 00| 0 eng d | ||
| 999 | |c 32578 |d 32578 | ||
| 040 | |c cru CIDCACS/IIS | ||
| 100 | |a Segovia, Daniela | ||
| 245 | |a Latin American and the Caribbean: |b between the OAS / |c Daniela Segovia | ||
| 520 | |a El ensayo aborda la posición de América Latina y el Caribe en su conjunto, como actores globales dentro de la organización internacional CELAC (Comunidad de Estados Latinoamericanos y Caribeños) como mecanismo de concertación política; así como su postura frente a la OEA (Organización de Estados Americanos). Se pretende comprobar si la CELAC como Organismo Internacional rivaliza o no con la OEA, y si el mismo es un mecanismo que eventualmente podría sustituir a la OEA, dejando de lado a los Estados Unidos y Canadá; debatiéndose si la CELAC es en sí mismo un movimiento alternativo a la OEA. Se concluye que la CELAC representa una remodelación geopolítica de América Latina, siempre y cuando no pretenda ser un reemplazo de la OEA. Asimismo, los Estados lationamericanos y caribeños deben trabajar para que, diversos ideólogos no establezcan zonas de conflicto para la mejor consecución de los objetivos de la organización. | ||
| 650 | 0 | |9 7485 |a OEA | |
| 650 | 4 | |9 1944 |a ORGANIZACIONES REGIONALES | |
| 650 | 0 | |9 3741 |a ORGANIZACIONES INTERNACIONALES | |
| 650 | 0 | |9 4280 |a ORGANIZACIONES INTERGUBERNAMENTALES | |
| 650 | 0 | |9 2797 |a RELACIONES MULTILATERALES | |
| 651 | 0 | |9 17 |a AMERICA LATINA | |
| 651 | 0 | |9 4609 |a CARIBE | |
| 773 | |g número95 ( , 2013), páginas 97-107 | ||
| 942 | |2 ddc |c PP | ||
